Design and Fabrication of Ultrasonic Transducer for Ultrasonic Assisted Machining/ (Record no. 609494)
[ view plain ]
| 000 -LEADER | |
|---|---|
| fixed length control field | 00567nam a22001697a 4500 |
| 003 - CONTROL NUMBER IDENTIFIER | |
| control field | NUST |
| 038 ## - RECORD CONTENT LICENSOR | |
| Staff Name | Nusrat Nadeem |
| 082 ## - DEWEY DECIMAL CLASSIFICATION NUMBER | |
| Classification number | 200 |
| 100 ## - MAIN ENTRY--PERSONAL NAME | |
| Personal name | Zahid Danyal |
| 245 ## - TITLE STATEMENT | |
| Title | Design and Fabrication of Ultrasonic Transducer for Ultrasonic Assisted Machining/ |
| Statement of responsibility, etc. | Danyal Zahid |
| 264 ## - PRODUCTION, PUBLICATION, DISTRIBUTION, MANUFACTURE, AND COPYRIGHT NOTICE | |
| Place of production, publication, distribution, manufacture | Islamabad, |
| Name of producer, publisher, distributor, manufacturer | SMME NUST; |
| Date of production, publication, distribution, manufacture, or copyright notice | 2017 |
| 300 ## - PHYSICAL DESCRIPTION | |
| Extent | 70,p; |
| Other physical details | ill; |
| Dimensions | 30,cm; |
| 650 ## - SUBJECT ADDED ENTRY--TOPICAL TERM | |
| Topical term or geographic name entry element | PhD-Design and Manufacturing Engineering |
| 700 ## - ADDED ENTRY--PERSONAL NAME | |
| Personal name | Supervisor ,Dr Mushtaq Khan |
| 856 ## - ELECTRONIC LOCATION AND ACCESS | |
| Uniform Resource Identifier | <a href=" http://10.250.8.41:8080/xmlui/handle/123456789/10743"> http://10.250.8.41:8080/xmlui/handle/123456789/10743</a> |
| 942 ## - ADDED ENTRY ELEMENTS (KOHA) | |
| Source of classification or shelving scheme | |
| Koha item type | Thesis |
| Withdrawn status | Permanent Location | Current Location | Date acquired | Full call number | Barcode | Koha item type |
|---|---|---|---|---|---|---|
| Central Library (CL) | Central Library (CL) | 06/05/2024 | 200 | CLPT-587 | Thesis |
